The best words / (Record no. 76906)

MARC details
000 -LEADER
fixed length control field 00528nam a22001817a 4500
005 - DATE AND TIME OF LATEST TRANSACTION
control field 20130624150641.0
010 ## - LCCN (DPL NO)
LC control number ENG-107720
020 ## - INTERNATIONAL STANDARD BOOK NUMBER
International Standard Book Number 9788192543116
Terms of availability 325.00
035 ## - SYSTEM CONTROL NUMBER
System control number EN-91253
037 ## - SOURCE OF ACQUISITION
Source of stock number/acquisition DBAD/PUB
100 ## - MAIN ENTRY--PERSONAL NAME
Personal name Fiske, Robert Hartwell
245 ## - TITLE STATEMENT
Title The best words /
Statement of responsibility, etc by Robert Hartwell Fiske
Remainder of title
260 ## - PUBLICATION, DISTRIBUTION, ETC. (IMPRINT)
Place of publication, distribution, etc Uttar Pradesh
Name of publisher, distributor, etc eVookz
Date of publication, distribution, etc 2010
270 ## - ADDRESS
Address 10, Parshawanath Edens, Sector, Alpha-II, Greater Noida
City Uttar Pradesh
300 ## - PHYSICAL DESCRIPTION
Extent ix,175p.
Dimensions 22cm(Hb)
500 ## - GENERAL NOTE
General note Includes index
942 ## - ADDED ENTRY ELEMENTS (KOHA)
Source of classification or shelving scheme Dewey Decimal Classification
Item type English Books
Call number suffix FIS
Holdings
Withdrawn status Lost status Not for loan Collection code Home library Current library Date acquired Source of acquisition Cost, normal purchase price Full call number Barcode Copy number Cost, replacement price Koha item type
    Not For Loan Non-fiction D.B.Act.Division D.B.Act.Division 24/06/2013 DBAD/PUB 325.00 FIS EN-91253 1 325.00 English Books

© Delhi Public Library
Hit Counter
free hit counter